Cadet Rousselle- Refrain - Statistiques

Statistiques générales
  • Ce quiz a été pris 13 fois
  • Le résultat moyen est 29 sur 46
Statistiques - réponses
Refrain de Cadet Rousselle % Correct
a
100%
a
100%
C'
100%
Cadet
100%
Cadet
100%
Cadet
100%
Cadet
100%
d'
100%
Rousselle
100%
Rousselle
100%
Rousselle ?
100%
Rousselle
100%
trois
82%
trois
82%
est
73%
est
73%
Ah!
64%
Ah!
64%
Ah
64%
bon
55%
les
55%
maisons
55%
maisons
55%
ont
55%
ont
55%
oui,
55%
Qui
55%
Qui
55%
chevrons,
45%
chevrons,
45%
enfant !
45%
n'
45%
n'
45%
ni
45%
ni
45%
ni
45%
ni
45%
poutres,
45%
poutres,
45%
Que
45%
vraiment,
45%
direz-
36%
pour
36%
vous
36%
hirondelles,
27%
loger
27%
Aucun quiz correspondant
Distribution des résultats
% des personnes avec chaque résultat
Percentile par nombre de réponses
Votre historique - résultats
Vous n’avez pas pris ce quiz